25 meistbesuchte Internetseiten (2023) - Statistiken

Allgemein
  • Dieses Quiz wurde 773 mal gespielt
  • Das Durchschnittsergebnis liegt bei 9 aus 25
Antwortstatistiken
Rang Antwort % Korrekt
1 {google}.com
96%
4 {instagram}.com
77%
2 {youtube}.com
77%
3 {facebook}.com
75%
13 {pornhub}.com
72%
12 {amazon}.com
66%
5 {twitter}.com
65%
7 {wikipedia}.org
64%
15 {tiktok}.com
46%
16 {yahoo}.co.jp
46%
8 {yahoo}.com
46%
22 {netflix}.com
34%
21 {xhamster}.com
33%
10 {whatsapp}.com
30%
18 {reddit}.com
22%
14 {xnxx}.com
13%
11 {xvideos}.com
10%
20 {linkedin}.com
7%
17 {live}.com
4%
9 {yandex}.ru
4%
23 {openai}.com
3%
6 {baidu}.com
2%
24 {office}.com
2%
19 {docomo}.ne.jp
1%
25 {dzen}.ru
1%
Keine übereinstimmenden Quizze gefunden
Verteilung der Resultate
Anzahl Personen mit jedem Resultat
Perzentil nach korrekt beantworteten Fragen
Ihre Resultats-Entwicklung
Sie haben dieses Quiz noch nicht gespielt